000 00336 a2200109 4500
001 ART_10185
005 20260410161848.0
008 260409a
245 1 0 _aSustitución de importaciones y formación de capital
100 1 _aPetrecolla, Alberto
773 0 _tEconómica
_g- Año XVI, Nº1 (ene./abr. 1970)
_wREV7541
999 _c24722
_d24722